| 000 | 03785cam a22007214i 4500 | ||
|---|---|---|---|
| 003 | PE-LiUPU | ||
| 005 | 20250731180152.0 | ||
| 008 | 150706s2012 sp r 000 0 spa d | ||
| 020 | _a9788428328586 | ||
| 035 | _a(Sirsi) i9788428628586 | ||
| 040 |
_aPE-LiUPU _bspa _cPE-LiUPU _erda |
||
| 049 | _aPRUA | ||
| 082 | 0 | 4 |
_a551.5 _bA24 _221 |
| 082 | 0 | 4 |
_a551.5 _bA24 2009 _221 |
| 100 | 1 |
_aAdsuar, Joaquín C., _eautor. |
|
| 245 | 1 | 0 |
_aMeteorología : _bconocimientos teóricos para la licencia de piloto privado / _cJoaquín C. Adsuar. |
| 250 | _a2a ed., 2a edición actualizada [2009]. | ||
| 264 | 1 |
_aMadrid : _bParaninfo, _cD.L. 2012. |
|
| 300 |
_a250 páginas : _bilustraciones ; _c26 centímetros. |
||
| 336 |
_atext _2rdacontent |
||
| 337 |
_aunmediated _2rdamedia |
||
| 338 |
_avolume _2rdacarrier |
||
| 500 | _aDesarrollo del sílabus oficial de los requisitos conjuntos de aviación (JAR). | ||
| 504 | _aIncluye bibliografía. | ||
| 505 | 0 | _aLa atmosfera -- Presión, densidad y temperatura -- Humedad y precipitación -- presión y viento -- Formación de nubes -- Niebla, bruma y calima -- Masas de aire -- Frontología -- Formación de hielo -- Tormentas -- Vuelo sobre áreas montañosas -- Climatología -- Altimetría -- Organización meteorológica -- Análisis y predicción del tiempo -- Información meteorológica y planificación de vuelo -- información meteorológica para la aviación volmet, atis, sigmet. | |
| 526 | _aSEG44 | ||
| 526 | _aSEG26 | ||
| 526 | _aP159 | ||
| 526 | _aP155 | ||
| 526 | _aP154 | ||
| 526 | _aP153 | ||
| 526 | _aP150 | ||
| 526 | _aP100 | ||
| 526 | _aP31 | ||
| 526 | _aP30 | ||
| 526 | _aP26 | ||
| 526 | _aP25 | ||
| 526 | _aP24 | ||
| 526 | _aP22 | ||
| 526 | _aP15 | ||
| 526 | _aP10 | ||
| 541 | _g015-0015487; | ||
| 541 | _g015-0016195; | ||
| 541 | _g002-00000831; | ||
| 541 | _g002-00002205; | ||
| 650 | 0 | 4 |
_aMeteorología. _92446 |
| 650 | 0 | 4 | _aPronóstico del tiempo. |
| 650 | 0 | 4 | _aAtmósfera. |
| 650 | 0 | 4 |
_aPilotos de aviación civil _zEspaña _vExámenes, test, e. |
| 910 |
_agl _cng _d20130725 |
||
| 910 |
_armch _btqv _crmch _d20190117 |
||
| 942 |
_2ddc _cBOOK |
||
| 949 |
_a551.5 A24 _wDEWEY _c1 _i68257 _lCCODEBUL1 _mBUL _p38.00 _r0 _sY _tBOOK _u2015-7-6 _xINGENIERIA _PP24 _o.STAFF. Colección General |
||
| 949 |
_a551.5 A24 _wDEWEY _c2 _i69221 _lCCODEBUL1 _mBUL _p45.00 _r0 _sY _tBOOK _u2015-7-6 _xINGENIERIA _PP24 _o.STAFF. Colección General |
||
| 949 |
_a551.5 A24 2009 _wDEWEY _c1 _iFJ12359 _lCCODEBUJ1 _mBUJ _p39.40 _r0 _sY _tBOOK _u2019-01-17 _xINGENIERIA _PP24 _0COMPRA _o.STAFF. Colección General Juliaca |
||
| 949 |
_a551.5 A24 2009 _wDEWEY _c1 _iFT04234 _lCCODEBUT1 _mBUT _p38.50 _r0 _sY _tBOOK _u2022-03-28 _xINGENIERIA _PP24 _0COMPRA _o.STAFF. Colección General Tarapoto |
||
| 994 |
_aC0 _bPEPRU |
||
| 596 | _a1 2 3 | ||
| 999 |
_a551.5 A24 _wDEWEY _c55671 _i68257 _d55671 _e2017-3-16 _f2021-11-9 _g7 _lCCODEBUL1 _mBUL _n5 _p38.00 _q2 _r0 _sN _tBOOK _u2015-7-6 _xINGENIERIA _PP24 _0COMPRA _o.STAFF. Colección Ingenieria y Arquitectura |
||
| 999 |
_a551.5 A24 _wDEWEY _c2 _i69221 _d2019-7-25 _e2019-7-24 _f2021-11-9 _g7 _lCCODEBUL1 _mBUL _n5 _p45.00 _q3 _r0 _sY _tBOOK _u2015-7-6 _xINGENIERIA _PP24 _0COMPRA _o.STAFF. Colección General |
||
| 999 |
_a551.5 A24 2009 _wDEWEY _c1 _iFJ12359 _d2019-10-15 _f2022-1-25 _g3 _lCCODEBUJ1 _mBUJ _p39.40 _q1 _r0 _sY _tBOOK _u2019-1-17 _xINGENIERIA _PP24 _0COMPRA _1FCOMPR2 _o.STAFF. Colección General Juliaca |
||
| 999 |
_a551.5 A24 _wDEWEY _c1 _iFT04234 _lCCODEBUT1 _mBUT _p38.50 _r0 _sY _tBOOK _u2022-3-28 _xINGENIERIA _PP24 _0COMPRA _1FCOMPR4 |
||
| 980 |
_81 _gALBERTO SANCHEZ Responsable de Automatización |
||